| 000 | 00447nam a2200193Ia 4500 | ||
|---|---|---|---|
| 008 | 210210b2010 xxu||||| |||| 00| 0 eng d | ||
| 020 | _a9780670084517 | ||
| 041 | _aeng | ||
| 082 | _a823.914 MARB | ||
| 100 | _aMARTEL (Yann) | ||
| 245 | _aBeatrice and virgil | ||
| 260 |
_aNew Delhi _bPenguin Books _c2010 |
||
| 300 | _avi,210 | ||
| 650 | _avirgil | ||
| 650 | _aBeatrice | ||
| 650 | _aand | ||
| 690 | _aEnglish Fiction | ||
| 906 | _a064515 | ||
| 999 |
_c141505 _d141505 |
||